| 000 | 00448nam a22001817a 4500 | ||
|---|---|---|---|
| 005 | 20250911120055.0 | ||
| 008 | 240831b |||||||| |||| 00| 0 eng d | ||
| 020 | _a978-93-560-6357-0 | ||
| 041 | _aeng | ||
| 082 | _a006.3 RUS-A | ||
| 100 |
_aRUSSELL, STUART J. AND NORVING _98485 |
||
| 245 | _aARTIFICIAL INTELLIGENCE A MODERN APPROACH | ||
| 250 | _a4TH, ED. | ||
| 260 | _bPEARSON | ||
| 300 | _a1288;P | ||
| 650 | _aCS & IT | ||
| 942 | _cBK | ||
| 999 |
_c8614 _d8612 |
||